Problém úročenia a odúročenia v prípade jednoduchého úrokovania

Salvato in:
Dettagli Bibliografici
Autore principale: Institoris, Juraj
Altri autori: Gogola, Ján, 1977-
Natura: Capitolo di libro
Lingua:slovacco
Soggetti:
Tags: Aggiungi Tag
Nessun Tag, puoi essere il primo ad aggiungerne!!

MARC

LEADER 00000naa$a2200000$$$4500
001 0064910
005 20240502071750.5
041 0 |a slo 
044 |a SK 
245 1 0 |a Problém úročenia a odúročenia v prípade jednoduchého úrokovania  |c Juraj Institoris, Ján Gogola 
500 |a Abstrakt 
610 2 0 |a funkcie matematické 
610 2 0 |a úrok 
610 2 0 |a miera úroková 
100 1 |a Institoris, Juraj 
700 1 |a Gogola, Ján, 1977-